Central Library OPAC University of Rajshahi

Arabic language and grammar / (Record no. 79858)

MARC details
000 -LEADER
fixed length control field 00720nam a2200253 a 4500
001 - CONTROL NUMBER
control field 79858
003 - CONTROL NUMBER IDENTIFIER
rucl marc code BD-RjUL
005 - DATE AND TIME OF LATEST TRANSACTION
control field 20221220124256.0
008 - FIXED-LENGTH DATA ELEMENTS--GENERAL INFORMATION
fixed length control field 080324m1968 is 000 0 eng d
035 ## - SYSTEM CONTROL NUMBER
System control number (BD-RjUL) 79858
040 ## - CATALOGING SOURCE
Original cataloging agency NNL
Language of cataloging eng
Transcribing agency BD-RjUL
041 ## - LANGUAGE CODE
Language code of text/sound track or separate title eng
-- ara
082 ## - DEWEY DECIMAL CLASSIFICATION NUMBER
Edition number 23
Classification number 892.75
Author mark and year KAA 1968
100 1# - MAIN ENTRY--PERSONAL NAME
Personal name Kapliwatzky, Jochanan
9 (RLIN) 3208
245 10 - TITLE STATEMENT
Title Arabic language and grammar /
Statement of responsibility, etc. by Jochanan Kapliwatzky.
250 ## - EDITION STATEMENT
Edition statement 4th ed.
260 ## - PUBLICATION, DISTRIBUTION, ETC. (IMPRINT)
Place of publication, distribution, etc. Jerusalem :
Name of publisher, distributor, etc. R. Mass,
Date of publication, distribution, etc. 1958
300 ## - PHYSICAL DESCRIPTION
Pagination v ;
Size 22 cm.
500 ## - GENERAL NOTE
General note Added t.-p. in Arabic:
General note اللغة العربية وقواعدها
505 ## - FORMATTED CONTENTS NOTE
Formatted contents note Vol. 3.--v.4.--
650 #4 - SUBJECT ADDED ENTRY--TOPICAL TERM
Topical term or geographic name as entry element Arabic language
Form subdivision Textbooks
9 (RLIN) 3209
942 ## - ADDED ENTRY ELEMENTS (KOHA)
Source of classification or shelving scheme Dewey Decimal Classification
Koha item type Books
Holdings
Lost status Source of classification or shelving scheme Damaged status Not for loan Collection code Permanent Location Current Location Shelving location Date acquired Source of acquisition Cost, normal purchase price Total Checkouts Full call number Date last seen Copy number Koha item type
  Dewey Decimal Classification   Not For Loan Non-fiction Central Library, University of Rajshahi Central Library, University of Rajshahi Reading Room 12/08/1969 Zeitlinger 116.00   A 892.75 KAA V-4 1968 26/05/2022 C-1 Books
  Dewey Decimal Classification     Non-fiction Central Library, University of Rajshahi Central Library, University of Rajshahi General Stacks 12/08/1969 Zeitlinger 116.00   A 892.75 KAA V-3 1963 20/12/2022 C-2 Books